[Event "Open Portugal 2019"]
[Site "Lisboa POR"]
[Date "2019.02.04"]
[Round "4.34"]
[White "Terryn, Ezra"]
[Black "Godzwon, Iwo"]
[Result "1-0"]
[WhiteElo "2116"]
[BlackElo "2322"]
[WhiteFideId "233196"]
[BlackFideId "21802483"]
[BlackTitle "FM"]
[WhiteCountry "BEL"]
[BlackCountry "POL"]
[PlyCount "75"]
[EventDate "2019.??.??"]

1. e4 c5 2. d4 cxd4 3. c3 dxc3 4. Nxc3 e6 5. Nf3 a6 6. Bc4 b5 7. Bb3 Bb7 8. O-O
d6 9. Ng5 h6 10. Qh5 g6 11. Qh3 Qf6 12. Nxf7 Kxf7 13. f4 Qe7 14. f5 Nf6 15.
fxg6+ Ke8 16. Bxe6 Bg7 17. Bf4 Nbd7 18. Nd5 Bxd5 19. exd5 Ne5 20. Rae1 Kd8 21.
Bxe5 dxe5 22. Rxe5 Ng4 23. Re2 Ne5 24. Rc2 Nc4 25. Rf7 Qc5+ 26. Kh1 Ra7 27. Qh4+
Ke8 28. Qf4 Qb6 29. b3 Be5 30. g7 Bxg7 31. bxc4 Rf8 32. c5 Qd8 33. Bd7+ Qxd7 34.
Re2+ Qe7 35. Rexe7+ Rxe7 36. Rxe7+ Kxe7 37. Qd6+ Ke8 38. g4 1-0

[Event "Open Portugal 2019"]
[Site "Lisboa POR"]
[Date "2019.02.04"]
[Round "4.35"]
[White "Napoli, Nicolo"]
[Black "Fröwis, Annika"]
[Result "0-1"]
[WhiteElo "2316"]
[BlackElo "2104"]
[WhiteFideId "813702"]
[BlackFideId "1621432"]
[WhiteTitle "FM"]
[BlackTitle "WFM"]
[WhiteCountry "ITA"]
[BlackCountry "AUT"]
[PlyCount "52"]
[EventDate "2019.??.??"]

1. d4 d5 2. Nc3 Nf6 3. Bg5 Nbd7 4. Qd3 c6 5. e4 dxe4 6. Nxe4 Nxe4 7. Qxe4 Qa5+
8. Bd2 Qc7 9. Bd3 Nf6 10. Qe2 Bg4 11. f3 Bh5 12. O-O-O O-O-O 13. Qf2 Bg6 14. Bc4
e6 15. Ne2 c5 16. Bf4 Qa5 17. Nc3 cxd4 18. Rxd4 Bc5 19. Bxe6+ fxe6 20. Rc4 b6
21. b4 Qa3+ 22. Kb1 Qxb4+ 23. Rxb4 Bxf2 24. a4 Kb7 25. a5 Nd5 26. Nxd5 Rxd5 0-1

[Event "Open Portugal 2019"]
[Site "Lisboa POR"]
[Date "2019.02.04"]
[Round "4.36"]
[White "Kowalski, Igor"]
[Black "Jazdanovs, Aleksandrs"]
[Result "1-0"]
[WhiteElo "2296"]
[BlackElo "2100"]
[WhiteFideId "1172468"]
[BlackFideId "11604492"]
[WhiteTitle "FM"]
[WhiteCountry "POL"]
[BlackCountry "LAT"]
[PlyCount "37"]
[EventDate "2019.??.??"]

1. d4 Nf6 2. c4 c5 3. d5 b5 4. cxb5 a6 5. bxa6 g6 6. Nc3 Bg7 7. e4 O-O 8. e5 Ne8
9. h4 d6 10. e6 fxe6 11. h5 e5 12. hxg6 hxg6 13. Bd3 Bf5 14. g4 Bxd3 15. Qxd3 e6
16. Qxg6 exd5 17. Nxd5 Rf7 18. Nh3 Qh4 19. Qxf7+ 1-0

[Event "Open Portugal 2019"]
[Site "Lisboa POR"]
[Date "2019.02.04"]
[Round "4.38"]
[White "Sörensen, Hampus"]
[Black "Aflalo, Sophie"]
[Result "1-0"]
[WhiteElo "2289"]
[BlackElo "2091"]
[WhiteFideId "8703884"]
[BlackFideId "656887"]
[WhiteCountry "SWE"]
[BlackCountry "FRA"]
[PlyCount "87"]
[EventDate "2019.??.??"]

1. d4 Nf6 2. c4 g6 3. Nc3 Bg7 4. e4 d6 5. h3 O-O 6. Be3 e5 7. d5 a5 8. g4 Na6 9.
Nge2 Nc5 10. Ng3 c6 11. Be2 Rb8 12. h4 Ne8 13. Qd2 cxd5 14. cxd5 b5 15. h5 b4
16. Nd1 Bf6 17. b3 Bh4 18. Bf3 a4 19. bxa4 b3 20. Nc3 Ba6 21. Be2 Bxe2 22. Ngxe2
bxa2 23. Rxa2 Nb3 24. Qd3 Bg5 25. Kf1 Rb4 26. a5 Nc5 27. Qd2 Nb3 28. Qd3 Nc5 29.
Qd2 Bh4 30. a6 Nc7 31. a7 Na8 32. Rb2 Rxb2 33. Qxb2 Qf6 34. Qd2 Nb6 35. g5 Qf3
36. Rxh4 Nc4 37. Qc1 f6 38. Bxc5 fxg5 39. Rh2 dxc5 40. Kg1 g4 41. hxg6 g3 42.
Nxg3 hxg6 43. Qh6 Kf7 44. Qxf8+ 1-0

[Event "Open Portugal 2019"]
[Site "Lisboa POR"]
[Date "2019.02.04"]
[Round "4.39"]
[White "Risting, Eivind Olav"]
[Black "Fernandes, Miguel"]
[Result "1-0"]
[WhiteElo "2282"]
[BlackElo "2066"]
[WhiteFideId "1517333"]
[BlackFideId "1920456"]
[WhiteTitle "FM"]
[WhiteCountry "NOR"]
[BlackCountry "POR"]
[PlyCount "51"]
[EventDate "2019.??.??"]

1. d4 d5 2. c4 c6 3. Nc3 Nf6 4. e3 e6 5. Nf3 Nbd7 6. Qc2 b6 7. Bd3 Bb7 8. O-O
Be7 9. b3 O-O 10. Bb2 c5 11. cxd5 exd5 12. Rfd1 Rc8 13. Qe2 Bd6 14. dxc5 bxc5
15. Ba6 Bxa6 16. Qxa6 Nb6 17. Rac1 Qe7 18. Na4 Nxa4 19. Qxa4 Rfd8 20. Qh4 Ne4
21. Qg4 g6 22. Rxd5 f5 23. Rxf5 Qd7 24. Nh4 Bxh2+ 25. Kxh2 Nxf2 26. Qc4+ 1-0

[Event "Open Portugal 2019"]
[Site "Lisboa POR"]
[Date "2019.02.04"]
[Round "4.40"]
[White "Barbier, Wim"]
[Black "Hernandez Munoz, Antonio Ramon"]
[Result "1/2-1/2"]
[WhiteElo "2086"]
[BlackElo "2249"]
[WhiteFideId "202100"]
[BlackFideId "22241280"]
[WhiteCountry "BEL"]
[BlackCountry "ESP"]
[PlyCount "99"]
[EventDate "2019.??.??"]

1. Nf3 Nf6 2. c4 e6 3. g3 d5 4. Bg2 Be7 5. O-O O-O 6. Qc2 c6 7. b3 a5 8. Nc3 Na6
9. e3 b5 10. d3 Qb6 11. e4 Rd8 12. e5 Nd7 13. Be3 Qb7 14. cxb5 cxb5 15. d4 Nf8
16. Bg5 Bxg5 17. Nxg5 h6 18. Nf3 Bd7 19. Rfc1 Rdc8 20. Qd2 b4 21. Na4 Bxa4 22.
bxa4 Nd7 23. Bf1 Nb6 24. Bb5 Rxc1+ 25. Rxc1 Rc8 26. Rxc8+ Qxc8 27. Qd3 Qc1+ 28.
Qf1 Qxf1+ 29. Kxf1 Nc7 30. Bc6 Nc4 31. Ke2 f6 32. exf6 gxf6 33. Nd2 Nxd2 34.
Kxd2 Kf7 35. Ke3 Ke7 36. g4 e5 37. Bb7 Kd6 38. Bc8 Ne6 39. Bxe6 Kxe6 40. f4 e4
41. h4 h5 42. g5 Kf5 43. Ke2 Kg6 44. Ke3 Kf7 45. Ke2 Kf8 46. Ke3 Ke7 47. Ke2 Ke6
48. Ke3 Kf5 49. Ke2 fxg5 50. fxg5 1/2-1/2

[Event "Open Portugal 2019"]
[Site "Lisboa POR"]
[Date "2019.02.04"]
[Round "4.42"]
[White "Leão, Tiago"]
[Black "Palozza, Christian"]
[Result "0-1"]
[WhiteElo "2084"]
[BlackElo "2237"]
[WhiteFideId "1925563"]
[BlackFideId "895580"]
[BlackTitle "FM"]
[WhiteCountry "POR"]
[BlackCountry "ITA"]
[PlyCount "78"]
[EventDate "2019.02.02"]

1. e4 c6 2. d4 d5 3. exd5 cxd5 4. Bd3 Nf6 5. h3 g6 6. Nf3 Nc6 7. c3 Bg7 8. Bf4
O-O 9. O-O Bf5 10. Ne1 Qb6 11. Bxf5 gxf5 12. Nd3 e6 13. g4 fxg4 14. hxg4 Nd7 15.
Kg2 Rfe8 16. Be3 Qc7 17. Rh1 e5 18. Qf3 exd4 19. cxd4 Nxd4 20. Bxd4 Bxd4 21. Nc3
Bxc3 22. bxc3 Nf8 23. Qxd5 Rad8 24. Qg5+ Ng6 25. Rh3 Qc6+ 26. Kh2 Qxc3 27. Re1
Qc7+ 28. Kg2 Rxe1 29. Nxe1 Re8 30. Nd3 Qc6+ 31. Kh2 Qd6+ 32. Kg2 Qe6 33. Nf4
Qe4+ 34. Rf3 Qe5 35. Qh6 Nxf4+ 36. Rxf4 Qd5+ 37. Kg3 Re6 38. Qh4 Qe5 39. Qh1 Rf6
0-1

[Event "Open Portugal 2019"]
[Site "Lisboa POR"]
[Date "2019.02.04"]
[Round "4.43"]
[White "Pietruszewski, Marcin"]
[Black "Romano, João"]
[Result "1-0"]
[WhiteElo "2226"]
[BlackElo "2052"]
[WhiteFideId "1170295"]
[BlackFideId "1938541"]
[WhiteCountry "POL"]
[BlackCountry "POR"]
[PlyCount "103"]
[EventDate "2019.02.02"]

1. e4 e5 2. Nf3 Nc6 3. d4 exd4 4. Nxd4 Bb4+ 5. c3 Bc5 6. Be3 Bb6 7. Nd2 Nf6 8.
Nxc6 bxc6 9. Qf3 Bxe3 10. Qxe3 O-O 11. Bd3 Re8 12. O-O-O d6 13. Bb1 Be6 14. f4
Qb8 15. Qd3 Qb5 16. Qc2 Rab8 17. Rde1 g6 18. Rhf1 Bd7 19. h3 d5 20. c4 Qb4 21.
a3 Qb6 22. Qc3 d4 23. Qc2 c5 24. g4 Bxg4 25. hxg4 Nxg4 26. e5 Ne3 27. Rxe3 dxe3
28. Ne4 Red8 29. Rh1 c6 30. Nd6 Qa5 31. Rd1 Rb6 32. Qc3 Qxc3+ 33. bxc3 Rb3 34.
Bc2 Rxc3 35. Kb2 e2 36. Kxc3 exd1=Q 37. Bxd1 Kf8 38. Bf3 Ke7 39. Bxc6 f6 40. Bd5
fxe5 41. fxe5 Rf8 42. Nb7 g5 43. Kd3 g4 44. Nxc5 g3 45. Ke3 Rf2 46. Ne4 Ra2 47.
Nxg3 Rxa3+ 48. Kf4 Ra1 49. Nf5+ Kf8 50. e6 Re1 51. Kg5 Rg1+ 52. Kf6 1-0

[Event "Open Portugal 2019"]
[Site "Lisboa POR"]
[Date "2019.02.04"]
[Round "4.44"]
[White "Fossan, Aleksander"]
[Black "Garcia Dorado, Alberto"]
[Result "1/2-1/2"]
[WhiteElo "2040"]
[BlackElo "2223"]
[WhiteFideId "1519794"]
[BlackFideId "2252244"]
[BlackTitle "CM"]
[WhiteCountry "NOR"]
[BlackCountry "ESP"]
[PlyCount "67"]
[EventDate "2019.02.02"]

1. e4 Nf6 2. e5 Nd5 3. c4 Nb6 4. d4 d6 5. exd6 cxd6 6. Nc3 g6 7. Be3 Bg7 8. Rc1
O-O 9. b3 Bf5 10. Nf3 Bg4 11. Be2 Nc6 12. O-O d5 13. c5 Nc8 14. Ne5 Bxe2 15.
Nxc6 bxc6 16. Qxe2 e5 17. dxe5 Bxe5 18. Qg4 h5 19. Qa4 Ne7 20. Bg5 f6 21. Bd2
Qd7 22. Ne2 Nf5 23. Nf4 Kh7 24. Rfd1 Rfe8 25. h3 Bxf4 26. Bxf4 g5 27. Bd6 Re4
28. b4 Qb7 29. f3 Re2 30. Qb3 Qa6 31. Qb1 Rxg2+ 32. Kxg2 Qe2+ 33. Kg1 Qe3+ 34.
Kg2 1/2-1/2

[Event "Open Portugal 2019"]
[Site "Lisboa POR"]
[Date "2019.02.04"]
[Round "4.45"]
[White "Korneev Leskova, Svyatoslav"]
[Black "Andias, João"]
[Result "1/2-1/2"]
[WhiteElo "2223"]
[BlackElo "2039"]
[WhiteFideId "22267565"]
[BlackFideId "1900862"]
[WhiteCountry "ESP"]
[BlackCountry "POR"]
[PlyCount "99"]
[EventDate "2019.02.02"]

1. c4 g6 2. g3 Bg7 3. Bg2 d6 4. Nc3 Nc6 5. d3 e5 6. e3 Nge7 7. Nge2 O-O 8. O-O
Be6 9. Nd5 Rb8 10. Rb1 a5 11. Nec3 f5 12. b3 g5 13. f4 gxf4 14. exf4 Ng6 15. Re1
Qd7 16. Nb5 Bxd5 17. Bxd5+ Kh8 18. Qd2 Nd8 19. Na3 c6 20. Bg2 exf4 21. Qxa5 Bd4+
22. Kh1 fxg3 23. hxg3 Qg7 24. Qd2 f4 25. Be4 fxg3 26. Qh6 Qxh6+ 27. Bxh6 Rf2 28.
Bg2 Nf7 29. Be3 Bxe3 30. Rxe3 Rxa2 31. Rf1 Rxa3 32. Rxf7 Ra1+ 33. Rf1 Rxf1+ 34.
Bxf1 Rf8 35. Bg2 Nf4 36. Re7 Nxd3 37. Kg1 Ne5 38. Be4 Rf7 39. Re6 Rd7 40. Kg2
Kg7 41. Kxg3 Ng6 42. Bf5 Re7 43. Rxd6 Re3+ 44. Kf2 Rxb3 45. Bc8 Ne5 46. Re6 Nd3+
47. Kg1 b5 48. Rxc6 bxc4 49. Rxc4 Rb1+ 50. Kh2 1/2-1/2

[Event "Open Portugal 2019"]
[Site "Lisboa POR"]
[Date "2019.02.04"]
[Round "4.46"]
[White "Carlsson, Ludvig"]
[Black "Gjestemoen-VonHirsch, André"]
[Result "0-1"]
[WhiteElo "2217"]
[BlackElo "2038"]
[WhiteFideId "1727010"]
[BlackFideId "1539531"]
[WhiteTitle "CM"]
[WhiteCountry "SWE"]
[BlackCountry "NOR"]
[PlyCount "94"]
[EventDate "2019.02.02"]

1. e4 c5 2. Nf3 d6 3. d4 cxd4 4. Nxd4 Nf6 5. Nc3 a6 6. Bg5 Nbd7 7. Qe2 b5 8.
O-O-O e6 9. f4 Qc7 10. Nd5 exd5 11. exd5+ Be7 12. Nf5 Nc5 13. Nxg7+ Kd8 14. Re1
Nce4 15. g3 Bg4 16. Qg2 Rg8 17. Bh6 Bf8 18. Rxe4 Bxg7 19. Bg5 Rc8 20. c3 Kd7 21.
Rb4 Qc5 22. Kb1 Bf5+ 23. Ka1 Nxd5 24. Re4 Bxe4 25. Qxe4 Rce8 26. Qf5+ Kc6 27.
Bg2 Re2 28. Bf3 Rf2 29. Qxf7 Bxc3 30. Bxd5+ Qxd5 31. Qxd5+ Kxd5 32. bxc3 Kc4 33.
Be7 Re8 34. Re1 Kxc3 35. a3 Kb3 36. Re3+ Ka4 37. h3 a5 38. Kb1 d5 39. Re5 Rf3
40. f5 Rxg3 41. f6 Rf3 42. Rxd5 b4 43. axb4 axb4 44. Rd4 Rb8 45. Rh4 Kb3 46. Kc1
Rd3 47. Bc5 Rc3+ 0-1

[Event "Open Portugal 2019"]
[Site "Lisboa POR"]
[Date "2019.02.04"]
[Round "4.47"]
[White "Cholleti, Sahajasri"]
[Black "Silva, Gonçalo"]
[Result "0-1"]
[WhiteElo "2215"]
[BlackElo "2027"]
[WhiteFideId "5045118"]
[BlackFideId "1915100"]
[WhiteTitle "WFM"]
[WhiteCountry "IND"]
[BlackCountry "POR"]
[PlyCount "84"]
[EventDate "2019.02.02"]

1. Nf3 Nf6 2. c4 g6 3. Nc3 Bg7 4. e4 d6 5. d4 O-O 6. Be2 Nbd7 7. O-O e5 8. Be3
Qe7 9. d5 Ng4 10. Bg5 f6 11. Bd2 Nh6 12. b4 f5 13. Ne1 f4 14. Nd3 g5 15. f3 Nf6
16. h3 Nf7 17. c5 h5 18. cxd6 cxd6 19. Rc1 g4 20. hxg4 hxg4 21. fxg4 Ng5 22. Nf2
Bd7 23. Bf3 Rac8 24. Qe2 Kf7 25. Nb1 Rh8 26. Rxc8 Bxc8 27. g3 Nh3+ 28. Nxh3 Rxh3
29. Be1 Nh7 30. Bg2 Rh6 31. Nd2 Kg8 32. Nc4 b5 33. Na5 Qg5 34. Qxb5 Bxg4 35.
Qe8+ Nf8 36. Nc6 Bh5 37. Qd8 Bf6 38. Qxd6 fxg3 39. Qc5 Qh4 40. Rf5 Be2 41. Bxg3
Qxg3 42. Qc2 Qe1+ 0-1

[Event "Open Portugal 2019"]
[Site "Lisboa POR"]
[Date "2019.02.04"]
[Round "4.48"]
[White "Fidalgo, André"]
[Black "Slovák, Pavel"]
[Result "1-0"]
[WhiteElo "2204"]
[BlackElo "2010"]
[WhiteFideId "1933620"]
[BlackFideId "318493"]
[WhiteTitle "NM"]
[WhiteCountry "POR"]
[BlackCountry "CZE"]
[PlyCount "59"]
[EventDate "2019.02.02"]

1. e4 c5 2. Nf3 e6 3. d4 cxd4 4. Nxd4 a6 5. Bd3 Qc7 6. O-O Nf6 7. Qe2 d6 8. c4
Be7 9. Nc3 O-O 10. f4 Nc6 11. Nxc6 Qxc6 12. Be3 Nd7 13. b4 b5 14. Rac1 bxc4 15.
Bxc4 Qb7 16. a3 Nb6 17. Bd3 Bd7 18. Bd4 Rfd8 19. Qf2 Na4 20. Qg3 Bf8 21. f5 e5
22. Nd5 Bc6 23. Rxc6 Qxc6 24. Be3 Kh8 25. Rc1 Qd7 26. Rc7 Qe8 27. Bh6 Rd7 28. f6
gxh6 29. Rxd7 Qxd7 30. Ne7 1-0

[Event "Open Portugal 2019"]
[Site "Lisboa POR"]
[Date "2019.02.04"]
[Round "4.49"]
[White "Gkogkas, Dimitrios"]
[Black "Martins, Bruno"]
[Result "1/2-1/2"]
[WhiteElo "2004"]
[BlackElo "2204"]
[WhiteFideId "4200462"]
[BlackFideId "1942255"]
[BlackTitle "NM"]
[WhiteCountry "GRE"]
[BlackCountry "POR"]
[PlyCount "31"]
[EventDate "2019.02.02"]

1. Nf3 Nf6 2. c4 g6 3. b3 Bg7 4. Bb2 O-O 5. g3 d6 6. d4 e5 7. dxe5 Ng4 8. Bg2
Nxe5 9. Nc3 Nxf3+ 10. Bxf3 Nc6 11. O-O Re8 12. Qd2 Nd4 13. Bg2 Ne6 14. Nd5 Nc5
15. Bxg7 Kxg7 16. Qd4+ 1/2-1/2

[Event "Open Portugal 2019"]
[Site "Lisboa POR"]
[Date "2019.02.04"]
[Round "4.50"]
[White "Álvarez Serrano, Carlos"]
[Black "Fidalgo, Daniel"]
[Result "1-0"]
[WhiteElo "2201"]
[BlackElo "1981"]
[WhiteFideId "22238689"]
[BlackFideId "1934279"]
[WhiteCountry "ESP"]
[BlackCountry "POR"]
[PlyCount "61"]
[EventDate "2019.02.02"]

1. d4 e6 2. Nf3 f5 3. c4 Nf6 4. e3 g6 5. b3 Bg7 6. Bb2 d5 7. Nc3 O-O 8. Bd3 c6
9. b4 Ne4 10. O-O g5 11. g3 Nd7 12. Rc1 g4 13. Nh4 Qg5 14. b5 Rf6 15. bxc6 bxc6
16. cxd5 cxd5 17. Ne2 Rh6 18. Nf4 Nf8 19. Rc7 Qd8 20. Qc2 Ng6 21. Nhg2 Ng5 22.
Ne1 Nh4 23. gxh4 Nf3+ 24. Nxf3 gxf3 25. Rc1 Qxh4 26. Rxc8+ Bf8 27. h3 Rg6+ 28.
Nxg6 Qg5+ 29. Kf1 Qg2+ 30. Ke1 Qg1+ 31. Bf1 1-0

[Event "Open Portugal 2019"]
[Site "Lisboa POR"]
[Date "2019.02.04"]
[Round "4.51"]
[White "Costa, Paulo"]
[Black "Roque, Armando"]
[Result "1-0"]
[WhiteElo "2200"]
[BlackElo "1946"]
[WhiteFideId "1900900"]
[BlackFideId "1939149"]
[WhiteTitle "NM"]
[WhiteCountry "POR"]
[BlackCountry "POR"]
[PlyCount "49"]
[EventDate "2019.02.02"]

1. Nf3 Nf6 2. g3 g6 3. b3 Bg7 4. Bb2 d5 5. Bg2 O-O 6. O-O c6 7. d3 Nbd7 8. Nbd2
Qc7 9. c4 e6 10. Rc1 Re8 11. Rc2 Qd8 12. Qa1 Nh5 13. Bxg7 Nxg7 14. e4 dxe4 15.
Nxe4 Qe7 16. Ne5 Rf8 17. Nxd7 Bxd7 18. Nf6+ Kh8 19. Qe5 Rac8 20. c5 Rfd8 21. Rc4
Be8 22. Rh4 h5 23. Qg5 Nf5 24. Rxh5+ Kg7 25. Rh7+ 1-0

[Event "Open Portugal 2019"]
[Site "Lisboa POR"]
[Date "2019.02.04"]
[Round "4.52"]
[White "Candeias, Humberto"]
[Black "Li, Yunshan"]
[Result "0-1"]
[WhiteElo "1932"]
[BlackElo "2196"]
[WhiteFideId "1903454"]
[BlackFideId "8607664"]
[BlackTitle "WFM"]
[WhiteCountry "POR"]
[BlackCountry "CHN"]
[PlyCount "54"]
[EventDate "2019.02.02"]

1. e4 c6 2. Nc3 d5 3. Nf3 dxe4 4. Nxe4 Nf6 5. Nxf6+ exf6 6. d4 Bd6 7. Be2 O-O 8.
O-O Bg4 9. Bd2 Re8 10. Re1 Nd7 11. c4 f5 12. Qc2 Bxf3 13. Bxf3 Qh4 14. g3 Qxd4
15. Bc3 Qxc4 16. Qxf5 Nf8 17. h4 Bb4 18. Re4 Rxe4 19. Bxe4 Bxc3 20. Rc1 Qxa2 21.
Rxc3 Qxb2 22. Rf3 Qc1+ 23. Kg2 Qc4 24. Bc2 Qd5 25. Qg4 Ng6 26. Be4 h5 27. Qxg6
fxg6 0-1

[Event "Open Portugal 2019"]
[Site "Lisboa POR"]
[Date "2019.02.04"]
[Round "4.53"]
[White "Jorge, Rita"]
[Black "Ermeni, Avni"]
[Result "1/2-1/2"]
[WhiteElo "1902"]
[BlackElo "2194"]
[WhiteFideId "1923161"]
[BlackFideId "912840"]
[WhiteTitle "WFM"]
[BlackTitle "FM"]
[WhiteCountry "POR"]
[BlackCountry "KOS"]
[PlyCount "94"]
[EventDate "2019.02.02"]

1. e4 e5 2. Nf3 Nc6 3. d4 exd4 4. Nxd4 Bc5 5. Nxc6 Qf6 6. Qf3 dxc6 7. Nc3 Be6 8.
Bf4 O-O-O 9. Qg3 Bd4 10. O-O-O Bxc3 11. Rxd8+ Qxd8 12. Qxc3 Nf6 13. f3 Qe7 14.
Qa5 Kb8 15. Be3 b6 16. Qa4 Bd7 17. Ba6 c5 18. Qb3 Be6 19. Qa4 Bd7 20. Qa3 Rd8
21. Rd1 Bc8 22. Rxd8 Qxd8 23. Bc4 Be6 24. Bxe6 fxe6 25. Qb3 Qd6 26. g3 Nd7 27.
Qc3 e5 28. Qc4 Qf6 29. Qg8+ Qf8 30. Qxf8+ Nxf8 31. f4 Nd7 32. Kd2 Kc8 33. Ke2
Kd8 34. f5 Ke7 35. g4 c6 36. g5 g6 37. f6+ Kf7 38. Bd2 Nf8 39. h4 Ke6 40. Bc3
Nd7 41. Kf3 Nf8 42. Ke3 Kd6 43. Be1 Ne6 44. Bg3 Nf8 45. Kd3 Ne6 46. Ke3 Nd4 47.
c3 Ne6 1/2-1/2

[Event "Open Portugal 2019"]
[Site "Lisboa POR"]
[Date "2019.02.04"]
[Round "4.54"]
[White "Sá, Nuno"]
[Black "Gallardo Fernández, César"]
[Result "0-1"]
[WhiteElo "1767"]
[BlackElo "2194"]
[WhiteFideId "1908219"]
[BlackFideId "2225280"]
[WhiteCountry "POR"]
[BlackCountry "ESP"]
[PlyCount "50"]
[EventDate "2019.02.02"]

1. d4 Nf6 2. c4 e6 3. Nc3 Bb4 4. Nf3 b6 5. e3 O-O 6. Bd3 Bb7 7. O-O c5 8. a3
Bxc3 9. bxc3 d6 10. Re1 Nc6 11. d5 Ne7 12. e4 e5 13. Nh4 Bc8 14. f4 Ng6 15. Nxg6
fxg6 16. fxe5 Ng4 17. Qd2 Nxe5 18. Rf1 Rxf1+ 19. Bxf1 Ba6 20. Qg5 Bxc4 21. Bf4
Qxg5 22. Bxg5 Re8 23. Re1 Bxf1 24. Kxf1 h6 25. Bc1 Nd3 0-1

[Event "Open Portugal 2019"]
[Site "Lisboa POR"]
[Date "2019.02.04"]
[Round "4.55"]
[White "Gu, Xiaobing"]
[Black "Maselli, Daniel"]
[Result "1-0"]
[WhiteElo "2326"]
[BlackElo "1816"]
[WhiteFideId "8602611"]
[BlackFideId "2814140"]
[WhiteTitle "WGM"]
[WhiteCountry "CHN"]
[BlackCountry "ITA"]
[PlyCount "43"]
[EventDate "2019.02.02"]

1. e4 c5 2. Nc3 d6 3. f4 Nc6 4. Nf3 g6 5. Bc4 Bg7 6. O-O e6 7. Qe1 Nd4 8. Nxd4
Bxd4+ 9. Kh1 Ne7 10. d3 a6 11. a4 O-O 12. f5 exf5 13. Qh4 Be6 14. Bg5 Re8 15.
exf5 Bxc4 16. f6 Nf5 17. Rxf5 h5 18. dxc4 Bxc3 19. bxc3 gxf5 20. Bh6 Kh7 21. Bg7
Kg6 22. Qg3+ 1-0

[Event "Open Portugal 2019"]
[Site "Lisboa POR"]
[Date "2019.02.04"]
[Round "4.56"]
[White "Galego, Luís"]
[Black "Sismeiro, Miguel"]
[Result "1-0"]
[WhiteElo "2508"]
[BlackElo "1997"]
[WhiteFideId "1900072"]
[BlackFideId "1950975"]
[WhiteTitle "GM"]
[WhiteCountry "POR"]
[BlackCountry "POR"]
[PlyCount "69"]
[EventDate "2019.02.02"]

1. e4 e5 2. Nf3 Nc6 3. Nc3 Nf6 4. g3 Bb4 5. d3 d5 6. exd5 Nxd5 7. Bd2 Bxc3 8.
bxc3 O-O 9. Bg2 e4 10. dxe4 Nf6 11. e5 Qe7 12. Qe2 Re8 13. O-O Nxe5 14. Rfe1 Nc6
15. Qb5 Qd8 16. Bg5 Re6 17. Rxe6 fxe6 18. Ne5 Nxe5 19. Qxe5 c6 20. Bf3 Qf8 21.
Bxf6 gxf6 22. Qc7 e5 23. Rd1 Bf5 24. Qxb7 Bxc2 25. Rd2 Rb8 26. Qxc6 Bf5 27. Qd5+
Kh8 28. Be4 Bxe4 29. Qxe4 Rd8 30. Rd5 Qe7 31. c4 Rd7 32. c5 Rc7 33. Qf5 e4 34.
Kg2 Kg7 35. c6 1-0

[Event "Open Portugal 2019"]
[Site "Lisboa POR"]
[Date "2019.02.04"]
[Round "4.57"]
[White "Bubalovic, Davorin"]
[Black "Moretti, Filippo"]
[Result "1-0"]
[WhiteElo "2249"]
[BlackElo "1928"]
[WhiteFideId "14500515"]
[BlackFideId "2805001"]
[WhiteTitle "FM"]
[WhiteCountry "CRO"]
[BlackCountry "ITA"]
[PlyCount "106"]
[EventDate "2019.02.02"]

1. e4 c5 2. Nf3 Nc6 3. Bb5 e6 4. c3 Nge7 5. O-O a6 6. Ba4 b5 7. Bc2 d5 8. a4 Bb7
9. Qe2 b4 10. d4 cxd4 11. cxd4 Ng6 12. Be3 Be7 13. Nbd2 Na5 14. Rac1 O-O 15. e5
Qb6 16. Bg5 Bxg5 17. Nxg5 Qxd4 18. Qh5 h6 19. Ndf3 Nf4 20. Qxf7+ Rxf7 21. Nxd4
Nc4 22. Ngf3 g5 23. h3 a5 24. b3 Na3 25. Rfe1 Rc8 26. Bb1 Rfc7 27. Rcd1 Kf7 28.
Kh2 Nxb1 29. Rxb1 Nd3 30. Re2 Ba6 31. Rd2 Rc1 32. Rxc1 Rxc1 33. Kg3 Rc3 34. Rc2
Rxc2 35. Nxc2 Nc5 36. Ncd4 Bd3 37. Nd2 Bg6 38. Nc6 Ke8 39. f4 Kd7 40. Nd4 gxf4+
41. Kg4 Nd3 42. N2f3 Be4 43. Kh5 Bxf3+ 44. Nxf3 Nxe5 45. Nxe5+ Kd6 46. Nd3 e5
47. Kg4 Ke6 48. Nxf4+ exf4 49. Kxf4 Kf6 50. g4 d4 51. h4 d3 52. Ke3 d2 53. Kxd2
Ke5 1-0

[Event "Open Portugal 2019"]
[Site "Lisboa POR"]
[Date "2019.02.04"]
[Round "4.58"]
[White "Nordquelle, Daniel"]
[Black "Kocian, Miroslav"]
[Result "1-0"]
[WhiteElo "2235"]
[BlackElo "1992"]
[WhiteFideId "1519042"]
[BlackFideId "303577"]
[WhiteTitle "FM"]
[WhiteCountry "NOR"]
[BlackCountry "CZE"]
[PlyCount "47"]
[EventDate "2019.02.02"]

1. e4 d6 2. d4 Nf6 3. Nc3 g6 4. f4 Bg7 5. Nf3 c5 6. Bb5+ Bd7 7. Bxd7+ Nfxd7 8.
d5 Qa5 9. O-O b5 10. Kh1 b4 11. Ne2 Na6 12. f5 gxf5 13. Ng3 fxe4 14. Ng5 Nf6 15.
N3xe4 c4 16. Nxf6+ Bxf6 17. Ne4 Be5 18. Rxf7 h5 19. Qf3 O-O-O 20. Rxe7 Qxd5 21.
Bg5 Rhf8 22. Nxd6+ Rxd6 23. Qxf8+ Rd8 24. Qf5+ 1-0

[Event "Open Portugal 2019"]
[Site "Lisboa POR"]
[Date "2019.02.04"]
[Round "4.59"]
[White "Fernandes, Ricardo Paulos"]
[Black "Rego, Pedro"]
[Result "0-1"]
[WhiteElo "2015"]
[BlackElo "2228"]
[WhiteFideId "1943464"]
[BlackFideId "1904310"]
[BlackTitle "FM"]
[WhiteCountry "POR"]
[BlackCountry "POR"]
[PlyCount "54"]
[EventDate "2019.02.02"]

1. b3 e5 2. Bb2 d6 3. e3 Nf6 4. Nf3 g6 5. d4 exd4 6. Nxd4 Bg7 7. Be2 O-O 8. O-O
Ne4 9. Nc3 d5 10. Nxe4 dxe4 11. Ba3 Re8 12. Bg4 Nd7 13. Rc1 Qg5 14. c4 Ne5 15.
Bxc8 Raxc8 16. Qe2 Nd3 17. Rc2 Bxd4 18. f4 Qa5 19. exd4 Qxa3 20. c5 Qa6 21. f5
Qf6 22. fxg6 Qxd4+ 23. Kh1 fxg6 24. Qg4 Rf8 25. Qe6+ Kh8 26. Rxf8+ Rxf8 27. g3
Qa1+ 0-1

[Event "Open Portugal 2019"]
[Site "Lisboa POR"]
[Date "2019.02.04"]
[Round "4.60"]
[White "Marques, Rui"]
[Black "Vasques, António"]
[Result "1/2-1/2"]
[WhiteElo "1890"]
[BlackElo "2210"]
[WhiteFideId "1903390"]
[BlackFideId "1908332"]
[BlackTitle "FM"]
[WhiteCountry "POR"]
[BlackCountry "POR"]
[PlyCount "68"]
[EventDate "2019.02.02"]

1. e4 c5 2. Nf3 Nc6 3. Bb5 g6 4. O-O Bg7 5. c3 e5 6. d4 exd4 7. cxd4 Nxd4 8.
Nxd4 cxd4 9. Na3 Ne7 10. Nc4 O-O 11. Nd6 Qb6 12. Bf4 Nc6 13. Ba4 Ne5 14. Bxe5
Bxe5 15. Nc4 Bxh2+ 16. Kxh2 Qc7+ 17. Kg1 Qxc4 18. Rc1 Qb4 19. Bb3 h5 20. a3 Qe7
21. Bd5 Rb8 22. Qxd4 d6 23. Rc3 Be6 24. Rfc1 Rbc8 25. Bxe6 Qxe6 26. f3 Rxc3 27.
Rxc3 Rd8 28. Qxa7 d5 29. Rd3 Rc8 30. Rxd5 Rc1+ 31. Kh2 Qf6 32. Qb8+ Kg7 33. Qe5
Qxe5+ 34. Rxe5 h4 1/2-1/2

[Event "Open Portugal 2019"]
[Site "Lisboa POR"]
[Date "2019.02.04"]
[Round "4.61"]
[White "Nielsen, André"]
[Black "Gentes Benito, Ángel"]
[Result "1/2-1/2"]
[WhiteElo "2201"]
[BlackElo "1907"]
[WhiteFideId "1518240"]
[BlackFideId "2225549"]
[WhiteTitle "FM"]
[WhiteCountry "NOR"]
[BlackCountry "ESP"]
[PlyCount "60"]
[EventDate "2019.02.02"]

1. e4 c5 2. Nf3 e6 3. d4 cxd4 4. Nxd4 a6 5. Nc3 Qc7 6. Be2 Nf6 7. O-O Nc6 8. Be3
Be7 9. f4 d6 10. Qe1 e5 11. fxe5 Nxe5 12. Qg3 O-O 13. Nf5 Bxf5 14. Rxf5 Kh8 15.
Raf1 Qc6 16. Bd4 Nxe4 17. Nxe4 Qxe4 18. Bxe5 dxe5 19. Rxf7 Rxf7 20. Rxf7 Bf6 21.
Qa3 Rg8 22. Qd3 Qb4 23. Qf5 e4 24. c3 Qb6+ 25. Qf2 e3 26. Qf3 Qe6 27. Rxb7 Be7
28. Qg4 Qf6 29. Qf3 Qe6 30. Qg4 Qf6 1/2-1/2